[Event "4NCL Division 2c"]
[Site "Telford, ENG"]
[Date "2019.05.05"]
[Round "10.36"]
[White "Murray, David"]
[Black "Yoon, Jacob D"]
[Result "0-1"]
[WhiteElo "2152"]
[BlackElo "1971"]
[PlyCount "92"]
[EventDate "2019.05.05"]
[WhiteTeam "Gonzaga"]
[BlackTeam "KJCA Kings"]

1. e4 c5 2. Nf3 a6 3. g3 b5 4. Bg2 Bb7 5. d3 e6 6. O-O Nf6 7. Nbd2 Be7 8. Re1
Nc6 9. e5 Nd5 10. c4 Nb6 11. b3 d5 12. exd6 Qxd6 13. Ne4 Qd7 14. Be3 Nd4 15.
Ne5 Qc7 16. Bf4 Qc8 17. Qg4 O-O 18. Bh6 Nf5 19. Bd2 Nd4 20. Bh6 Nf5 21. Bd2 Nd4
22. Qd1 b4 23. h4 Nd7 24. Nf3 Nxf3+ 25. Bxf3 Ne5 26. Be2 Rd8 27. Bf4 Ng6 28.
Qc1 e5 29. Bg5 f6 30. h5 Nf8 31. Bh4 Ne6 32. f4 exf4 33. Bg4 Kh8 34. Bxf6 gxf6
35. Qb2 Rd4 36. Bxe6 Qxe6 37. Nxc5 Qh3 38. Nxb7 Rg8 39. Re2 f3 40. Rh2 Rxg3+
41. Kh1 Qe6 42. h6 Rg2 43. Rxg2 fxg2+ 44. Kg1 Rh4 45. Nd6 Qxd6 46. Qxg2 Qd4+
0-1

[Event "4NCL Division 2c"]
[Site "Telford, ENG"]
[Date "2019.05.05"]
[Round "10.37"]
[White "Jamroz, Viktor"]
[Black "Carroll, Peter"]
[Result "1-0"]
[WhiteElo "1915"]
[BlackElo "2006"]
[PlyCount "80"]
[EventDate "2019.05.05"]
[WhiteTeam "KJCA Kings"]
[BlackTeam "Gonzaga"]

1. e4 c5 2. Nf3 d6 3. c3 Nf6 4. Be2 a6 5. O-O g6 6. Re1 Bg7 7. h3 O-O 8. Bf1 b5
9. d4 cxd4 10. cxd4 Bb7 11. Nbd2 Nbd7 12. b3 Rc8 13. Bb2 Qb6 14. Bd3 Nh5 15. e5
dxe5 16. dxe5 Nf4 17. Be4 Nc5 18. Bd4 Nfe6 19. Be3 Bxe4 20. Nxe4 Qb7 21. Nxc5
Nxc5 22. Qe2 Rfd8 23. Bxc5 Rxc5 24. Rad1 Rcd5 25. e6 f5 26. Ng5 Qb6 27. Rxd5
Rxd5 28. Nf7 Bc3 29. Rc1 b4 30. Rc2 Rd4 31. Rxc3 bxc3 32. Qe5 Rd1+ 33. Kh2 Qxe6
34. Qxe6 c2 35. Ng5+ Kg7 36. Qxe7+ Kh6 37. Nf7+ Kg7 38. Ne5+ Kh6 39. Nd3 Rxd3
40. Qf7 c1=N 1-0

[Event "4NCL Division 2c"]
[Site "Telford, ENG"]
[Date "2019.05.05"]
[Round "10.38"]
[White "McMorrow, John"]
[Black "Metcalfe, Charlie P"]
[Result "1-0"]
[WhiteElo "2058"]
[BlackElo "1722"]
[PlyCount "51"]
[EventDate "2019.05.05"]
[WhiteTeam "Gonzaga"]
[BlackTeam "KJCA Kings"]

1. e4 e6 2. b3 d5 3. Bb2 dxe4 4. Nc3 Nf6 5. Qe2 Be7 6. Nxe4 O-O 7. O-O-O b6 8.
Qf3 Nxe4 9. Qxe4 Qd5 10. Qg4 Qg5 11. Qf3 Qd5 12. Qg3 Qg5 13. Qxc7 Na6 14. Qc6
Rb8 15. Qa4 b5 16. Qd4 Nb4 17. a3 Nc6 18. Qe4 Qc5 19. Bd3 f6 20. Qe3 Qd5 21.
Ne2 e5 22. Nc3 Qd4 23. Bxb5 Bxa3 24. Bxa3 Nb4 25. Qxd4 exd4 26. Bxb4 1-0

[Event "4NCL Division 2c"]
[Site "Telford, ENG"]
[Date "2019.05.05"]
[Round "10.41"]
[White "Akshat, Khamparia"]
[Black "Cumming, Rhys"]
[Result "1/2-1/2"]
[WhiteElo "2415"]
[BlackElo "2218"]
[PlyCount "61"]
[EventDate "2019.05.05"]
[WhiteTeam "Barnet Knights 1"]
[BlackTeam "Sussex Martlets 1"]

1. d4 Nf6 2. c4 g6 3. Nc3 d5 4. Qb3 dxc4 5. Qxc4 Be6 6. Qb5+ Bd7 7. Qb3 c5 8.
d5 b5 9. Nxb5 Na6 10. Nc3 Rb8 11. Qd1 Qa5 12. Bd2 Rxb2 13. Qc1 Rb8 14. e4 c4
15. Nf3 Rc8 16. Be2 Bg7 17. O-O O-O 18. Ne5 Nc5 19. Nxc4 Qa6 20. f3 Na4 21.
Nxa4 Bxa4 22. Rb1 Bb5 23. Rb4 Nd7 24. a4 Bxa4 25. Qa3 Bb5 26. Qxa6 Bxa6 27. Kf2
f5 28. exf5 gxf5 29. Rfb1 Rc5 30. Be3 Rxd5 31. Bxa7 1/2-1/2

[Event "4NCL Division 2c"]
[Site "Telford, ENG"]
[Date "2019.05.05"]
[Round "10.42"]
[White "Payne, Matthew J"]
[Black "Villiers, Thomas"]
[Result "0-1"]
[WhiteElo "2275"]
[BlackElo "2245"]
[PlyCount "104"]
[EventDate "2019.05.05"]
[WhiteTeam "Sussex Martlets 1"]
[BlackTeam "Barnet Knights 1"]

1. e4 e5 2. Nf3 Nc6 3. d4 exd4 4. Nxd4 Bc5 5. Nxc6 Qf6 6. Qf3 Qxf3 7. gxf3 bxc6
8. Nd2 Ne7 9. Nb3 Bb6 10. Be3 d6 11. c4 c5 12. Rg1 Ng6 13. O-O-O O-O 14. a4 a5
15. Na1 f5 16. Bd3 f4 17. Bd2 Bd7 18. b3 Ne5 19. Bc3 Rae8 20. Be2 Rf6 21. Rg5
Re7 22. Nc2 h6 23. Rgg1 Be8 24. Ne1 Bh5 25. Nd3 Nxd3+ 26. Rxd3 Rg6 27. Rxg6
Bxg6 28. Rd5 Be8 29. Bf1 Bc6 30. Rf5 Rf7 31. Bh3 Rxf5 32. Bxf5 Be8 33. Kd2 Bh5
34. Bg4 Bxg4 35. fxg4 c6 36. h4 g6 37. Bf6 Kf7 38. g5 h5 39. Ke2 Ke6 40. Bc3 d5
41. exd5+ cxd5 42. cxd5+ Kxd5 43. Kd3 f3 44. Bd2 Bc7 45. Ke3 c4 46. b4 c3 47.
Bxc3 Kc4 48. Bf6 axb4 49. Kxf3 Kd3 50. Be7 b3 51. Ba3 Kc2 52. Ke4 Bd6 0-1

[Event "4NCL Division 2c"]
[Site "Telford, ENG"]
[Date "2019.05.05"]
[Round "10.43"]
[White "Smith, Andrew Philip"]
[Black "Willson, Ollie"]
[Result "1-0"]
[WhiteElo "2207"]
[BlackElo "2155"]
[PlyCount "61"]
[EventDate "2019.05.05"]
[WhiteTeam "Barnet Knights 1"]
[BlackTeam "Sussex Martlets 1"]

1. e4 Nf6 2. e5 Nd5 3. c4 Nb6 4. d4 d6 5. f4 dxe5 6. fxe5 g6 7. Nc3 Bg7 8. Be3
Nc6 9. Qd2 Bf5 10. O-O-O a5 11. h3 Nb4 12. g4 Be6 13. d5 Bd7 14. Nf3 e6 15. a3
Na6 16. Kb1 exd5 17. cxd5 h5 18. Bg5 Qc8 19. e6 fxe6 20. Bd3 O-O 21. Nh4 Be8
22. Nxg6 Bxg6 23. Bxg6 Nc4 24. Qe2 Ne5 25. gxh5 exd5 26. Bc2 Nf7 27. Nxd5 Re8
28. Ne7+ Kf8 29. Rhf1 Nc5 30. Rxf7+ Kxf7 31. Qf3+ 1-0

[Event "4NCL Division 2c"]
[Site "Telford, ENG"]
[Date "2019.05.05"]
[Round "10.44"]
[White "Miller, Dominic"]
[Black "Ethelontis, Alexandros N"]
[Result "0-1"]
[WhiteElo "2177"]
[BlackElo "2185"]
[PlyCount "30"]
[EventDate "2019.05.05"]
[WhiteTeam "Sussex Martlets 1"]
[BlackTeam "Barnet Knights 1"]

1. e4 e6 2. d4 d5 3. Nc3 Bb4 4. e5 c5 5. a3 Bxc3+ 6. bxc3 Ne7 7. Qg4 Kf8 8. a4
Qa5 9. Bd2 c4 10. Nf3 h6 11. h4 Nbc6 12. h5 b5 13. Nh4 bxa4 14. Qf3 Ke8 15. Bc1
Nxd4 0-1

[Event "4NCL Division 2c"]
[Site "Telford, ENG"]
[Date "2019.05.05"]
[Round "10.45"]
[White "Eden, Tomer"]
[Black "Blake, J Morgan"]
[Result "0-1"]
[WhiteElo "2140"]
[BlackElo "2162"]
[PlyCount "80"]
[EventDate "2019.05.05"]
[WhiteTeam "Barnet Knights 1"]
[BlackTeam "Sussex Martlets 1"]

1. d4 d5 2. c4 e6 3. g3 Nf6 4. Bg2 Be7 5. Nf3 O-O 6. O-O dxc4 7. Qc2 a6 8. a4
Bd7 9. Qxc4 Bc6 10. Bg5 Bd5 11. Qd3 c5 12. Nc3 Bc6 13. Rfd1 Qa5 14. dxc5 Nbd7
15. Bd2 Nxc5 16. Qc4 Qb6 17. Be3 Qb3 18. Nd2 Qxc4 19. Nxc4 Bxg2 20. Kxg2 Nb3
21. Rab1 Rac8 22. Ne5 Rfd8 23. Bb6 Rd6 24. a5 Kf8 25. Rd3 Rxd3 26. Nxd3 Nd7 27.
Rd1 Nxb6 28. axb6 Ke8 29. Kf3 f6 30. e3 Rc6 31. Na4 Rc4 32. Nc3 Rc6 33. Na4 Bd8
34. Nf4 g5 35. Nh5 g4+ 36. Kg2 Rc4 37. Nc3 Nc5 38. Rd6 Ke7 39. Rd4 Rxd4 40.
exd4 Nd7 0-1

[Event "4NCL Division 2c"]
[Site "Telford, ENG"]
[Date "2019.05.05"]
[Round "10.46"]
[White "Graham, David B"]
[Black "Willmoth, Robert F"]
[Result "1-0"]
[WhiteElo "2146"]
[BlackElo "2192"]
[PlyCount "57"]
[EventDate "2019.05.05"]
[WhiteTeam "Sussex Martlets 1"]
[BlackTeam "Barnet Knights 1"]

1. e4 d6 2. d4 Nf6 3. Nc3 g6 4. g3 Bg7 5. Bg2 O-O 6. Nf3 c6 7. a4 Nbd7 8. O-O
e5 9. h3 Qe7 10. Re1 b6 11. Be3 Bb7 12. a5 c5 13. a6 Bc8 14. dxe5 dxe5 15. Bg5
Qe6 16. Nd5 Rb8 17. Nd2 b5 18. c4 b4 19. Qa4 h6 20. Be3 Qd6 21. Red1 Nxd5 22.
cxd5 f5 23. Qc6 Rf6 24. exf5 Qe7 25. Qc7 Bxa6 26. Ne4 Rc8 27. Nxf6+ Bxf6 28. d6
Qg7 29. Bxh6 1-0

[Event "4NCL Division 2c"]
[Site "Telford, ENG"]
[Date "2019.05.05"]
[Round "10.47"]
[White "Covey, Jason"]
[Black "Graham, Cassie M"]
[Result "0-1"]
[WhiteElo "2125"]
[BlackElo "2057"]
[PlyCount "58"]
[EventDate "2019.05.05"]
[WhiteTeam "Barnet Knights 1"]
[BlackTeam "Sussex Martlets 1"]

1. e4 c5 2. Nc3 Nc6 3. Bb5 Nd4 4. Bc4 g6 5. f4 Bg7 6. Nf3 d6 7. d3 e6 8. O-O
Ne7 9. Bb3 O-O 10. Ne2 Nxb3 11. axb3 b6 12. Ng3 f5 13. c3 Bb7 14. Re1 Qd7 15.
Bd2 a5 16. exf5 Nxf5 17. Nxf5 Rxf5 18. Ng5 e5 19. fxe5 Bxe5 20. b4 h6 21. Qb3+
Kh8 22. Nh3 Rh5 23. bxc5 Rxh3 24. gxh3 Qxh3 25. Re2 Bxh2+ 26. Rxh2 Qg3+ 27. Kf1
Rf8+ 28. Ke2 Qf3+ 29. Ke1 Qf1# 0-1

[Event "4NCL Division 2c"]
[Site "Telford, ENG"]
[Date "2019.05.05"]
[Round "10.48"]
[White "Hamilton, Michael J"]
[Black "Iyengar, Ilya"]
[Result "0-1"]
[WhiteElo "2005"]
[BlackElo "1970"]
[PlyCount "76"]
[EventDate "2019.05.05"]
[WhiteTeam "Sussex Martlets 1"]
[BlackTeam "Barnet Knights 1"]

1. c4 Nf6 2. g3 g6 3. Bg2 Bg7 4. Nc3 O-O 5. Rb1 d6 6. b4 e5 7. e4 Nc6 8. Nge2
Nh5 9. O-O f5 10. exf5 Bxf5 11. d3 Qd7 12. b5 Nd8 13. Qb3 Bxd3 14. Ra1 Kh8 15.
Be3 Qg4 16. Rfe1 Qxc4 17. Qxc4 Bxc4 18. a4 c6 19. bxc6 bxc6 20. Ne4 d5 21. Nc5
Rf7 22. Rab1 Bf8 23. Nb3 Rb8 24. Nd2 Rxb1 25. Nxb1 Bb4 26. Bd2 Bc5 27. Be3 d4
28. Nxd4 exd4 29. Bxd4+ Bxd4 30. Re8+ Kg7 31. Rxd8 Bxf2+ 32. Kh1 Bb6 33. Rd6
Re7 34. Rd1 Bb3 35. Rc1 Bxa4 36. Nc3 Bb5 37. Ne4 Nf6 38. Nd6 Bf2 0-1

[Event "4NCL Division 2c"]
[Site "Telford, ENG"]
[Date "2019.05.06"]
[Round "11.11"]
[White "Franklin, Samuel G A"]
[Black "Mitchell, Martin"]
[Result "1/2-1/2"]
[WhiteElo "2344"]
[BlackElo "2227"]
[PlyCount "39"]
[EventDate "2019.05.06"]
[WhiteTeam "Barbican 4NCL 2"]
[BlackTeam "Spirit of Atticus A"]

1. e4 d6 2. d4 Nf6 3. Nc3 g6 4. f4 Bg7 5. Nf3 c5 6. d5 O-O 7. Bd3 e6 8. dxe6
fxe6 9. O-O Nc6 10. Kh1 Nd4 11. Bd2 Bd7 12. e5 dxe5 13. Nxe5 Qc7 14. Ne2 Nc6
15. Nxd7 Nxd7 16. Qc1 Ne7 17. Bc3 Bxc3 18. Nxc3 Nd5 19. Nxd5 exd5 20. c3
1/2-1/2

[Event "4NCL Division 2c"]
[Site "Telford, ENG"]
[Date "2019.05.06"]
[Round "11.12"]
[White "Lund, D Brett"]
[Black "Navarro Cia, Miguel"]
[Result "1/2-1/2"]
[WhiteElo "2257"]
[BlackElo "2255"]
[PlyCount "24"]
[EventDate "2019.05.06"]
[WhiteTeam "Spirit of Atticus A"]
[BlackTeam "Barbican 4NCL 2"]

1. g3 e5 2. c4 Nf6 3. Bg2 c6 4. d4 Bb4+ 5. Bd2 Bxd2+ 6. Qxd2 d6 7. Nc3 O-O 8.
e3 Be6 9. d5 cxd5 10. Nxd5 Nbd7 11. Ne2 Bxd5 12. cxd5 a5 1/2-1/2

[Event "4NCL Division 2c"]
[Site "Telford, ENG"]
[Date "2019.05.06"]
[Round "11.13"]
[White "Rogers, Jonathan W"]
[Black "Carleton, John J"]
[Result "1/2-1/2"]
[WhiteElo "2330"]
[BlackElo "2265"]
[PlyCount "78"]
[EventDate "2019.05.06"]
[WhiteTeam "Barbican 4NCL 2"]
[BlackTeam "Spirit of Atticus A"]

1. d4 Nf6 2. Nf3 d5 3. c4 e6 4. Nc3 Bb4 5. Bg5 h6 6. Bxf6 Qxf6 7. Rc1 dxc4 8.
Qa4+ Nc6 9. a3 Ba5 10. Qxc4 O-O 11. e3 Bd7 12. Be2 b5 13. Qa2 b4 14. axb4 Bxb4
15. O-O Bd6 16. Ne4 Qe7 17. Nc5 Rfb8 18. Nxd7 Qxd7 19. Qa4 Ne5 20. Qc2 Ng6 21.
Nd2 Rb4 22. Nc4 a5 23. Rfd1 a4 24. g3 Qe7 25. Bd3 Nf8 26. e4 Qe8 27. e5 Be7 28.
Qe2 c5 29. Be4 Rab8 30. d5 exd5 31. Bxd5 Ne6 32. Bxe6 fxe6 33. Qg4 Qc6 34. Qg6
Rf8 35. Rc2 Kh8 36. Rd3 Rf3 37. Nd6 Rxd3 38. Nf7+ Kg8 39. Nxh6+ Kh8 1/2-1/2

[Event "4NCL Division 2c"]
[Site "Telford, ENG"]
[Date "2019.05.06"]
[Round "11.14"]
[White "House, Glenn L"]
[Black "French, Max"]
[Result "1-0"]
[WhiteElo "2224"]
[BlackElo "2228"]
[PlyCount "127"]
[EventDate "2019.05.06"]
[WhiteTeam "Spirit of Atticus A"]
[BlackTeam "Barbican 4NCL 2"]

1. Nf3 Nf6 2. g3 d5 3. Bg2 Nc6 4. O-O e5 5. d3 Be7 6. c4 dxc4 7. Qa4 O-O 8.
Qxc4 Re8 9. Nc3 Bf8 10. Be3 Na5 11. Qa4 c5 12. Bg5 Nc6 13. Nd2 Be7 14. Nde4 Bd7
15. Bxf6 gxf6 16. Nd5 f5 17. Nxe7+ Qxe7 18. Nc3 Nd4 19. Qd1 Bc6 20. e3 Bxg2 21.
Kxg2 Ne6 22. Qf3 Ng7 23. e4 Qd7 24. Nd5 Qc6 25. Rac1 fxe4 26. dxe4 f5 27. Rfd1
fxe4 28. Qxe4 Kh8 29. b4 b6 30. bxc5 bxc5 31. Nc3 Rac8 32. Rd5 Nh5 33. Qa4 Nf6
34. Qxc6 Rxc6 35. Rd2 Kg7 36. Re1 e4 37. h3 Kf7 38. Rde2 Ra6 39. g4 Re5 40. Kg3
h5 41. f4 Re8 42. Nxe4 Nxe4+ 43. Rxe4 Rxe4 44. Rxe4 hxg4 45. hxg4 Rxa2 46. f5
Ra6 47. Kf4 Rc6 48. Rc4 Rc8 49. g5 a5 50. Ke5 a4 51. Rxa4 c4 52. Ra7+ Kf8 53.
f6 c3 54. Rh7 Rc5+ 55. Ke6 Rc6+ 56. Kf5 Ke8 57. Rh8+ Kd7 58. f7 Rc5+ 59. Ke4 c2
60. f8=Q c1=Q 61. Qd8+ Kc6 62. Rh6+ Kb5 63. Rb6+ Ka4 64. Qd7+ 1-0

[Event "4NCL Division 2c"]
[Site "Telford, ENG"]
[Date "2019.05.06"]
[Round "11.15"]
[White "Russell, Christopher"]
[Black "Ivell, Nicholas W"]
[Result "1-0"]
[WhiteElo "2178"]
[BlackElo "2198"]
[Annotator "Alan"]
[PlyCount "60"]
[EventDate "2019.05.06"]
[WhiteTeam "Barbican 4NCL 2"]
[BlackTeam "Spirit of Atticus A"]

1. e4 c5 2. c3 e6 3. d4 d5 4. exd5 exd5 5. Nf3 Nc6 6. Bb5 Bd6 7. dxc5 Bxc5 8.
O-O Nge7 9. Nbd2 O-O 10. Nb3 Bb6 11. Re1 h6 12. Be3 Bg4 13. h3 Bxe3 14. Rxe3
Bh5 15. Be2 Qc7 16. Nfd4 Bg6 17. Bd3 Rad8 18. Bxg6 Nxg6 19. Nf5 Qf4 20. Rf3 Qg5
21. Nbd4 Rfe8 22. Qb3 Nxd4 23. Nxd4 Rd7 24. Rc1 Nf4 25. Rg3 Qf6 26. Qa4 Rde7
27. Qxa7 Ne2+ 28. Nxe2 Rxe2 29. Qxb7 Rxf2 30. Rf3 Rxf3 {scoresheets} 1-0

[Event "4NCL Division 2c"]
[Site "Telford, ENG"]
[Date "2019.05.06"]
[Round "11.16"]
[White "Jackson, Sheila"]
[Black "Brett, Andrew R"]
[Result "1/2-1/2"]
[WhiteElo "2051"]
[BlackElo "2114"]
[PlyCount "63"]
[EventDate "2019.05.06"]
[WhiteTeam "Spirit of Atticus A"]
[BlackTeam "Barbican 4NCL 2"]

1. e4 e5 2. Nf3 Nc6 3. Bb5 a6 4. Ba4 Nf6 5. O-O Be7 6. Re1 b5 7. Bb3 d6 8. c3
O-O 9. h3 Nb8 10. d4 Nbd7 11. Nbd2 c5 12. Nf1 Bb7 13. Ng3 c4 14. Bc2 g6 15. Bh6
Re8 16. Qd2 Bf8 17. Bxf8 Nxf8 18. Qh6 Qe7 19. Nh4 Bc8 20. f4 Kh8 21. fxe5 dxe5
22. Nf3 Ng8 23. Qe3 Nd7 24. Rf1 f6 25. Rf2 Rb8 26. b4 a5 27. a3 exd4 28. Nxd4
Ne5 29. Rd1 Bd7 30. Nf3 Bc6 31. Nd4 Bd7 32. Nf3 1/2-1/2

[Event "4NCL Division 2c"]
[Site "Telford, ENG"]
[Date "2019.05.06"]
[Round "11.17"]
[White "Leon Cazares, Gustavo"]
[Black "Ackley, Peter J E"]
[Result "1-0"]
[WhiteElo "2082"]
[BlackElo "2017"]
[PlyCount "51"]
[EventDate "2019.05.06"]
[WhiteTeam "Barbican 4NCL 2"]
[BlackTeam "Spirit of Atticus A"]

1. e4 d6 2. d4 Nf6 3. Nc3 g6 4. f3 c6 5. a4 Nbd7 6. Be3 e5 7. Nge2 Qe7 8. Qd2
Bg7 9. h4 h5 10. O-O-O b6 11. Bg5 Bb7 12. Kb1 O-O-O 13. d5 c5 14. a5 a6 15.
axb6 Nxb6 16. Na2 Qc7 17. Nec1 Kd7 18. Nb3 Ra8 19. Na5 Rhb8 20. Nc3 Nc8 21. Na4
Nb6 22. Nxb6+ Qxb6 23. Qc3 Ne8 24. g4 Nc7 25. Nc4 Qa7 26. Qa5 1-0

[Event "4NCL Division 2c"]
[Site "Telford, ENG"]
[Date "2019.05.06"]
[Round "11.18"]
[White "Latham, David"]
[Black "Makepeace, Philip J"]
[Result "0-1"]
[WhiteElo "2080"]
[BlackElo "2063"]
[PlyCount "86"]
[EventDate "2019.05.06"]
[WhiteTeam "Spirit of Atticus A"]
[BlackTeam "Barbican 4NCL 2"]

1. Nf3 Nf6 2. g3 e6 3. Bg2 c5 4. O-O Nc6 5. c4 Be7 6. d4 cxd4 7. Nxd4 O-O 8.
Nc3 a6 9. b3 Qc7 10. Bb2 Rd8 11. Rc1 e5 12. Nf5 d6 13. Nxe7+ Nxe7 14. e4 Bg4
15. Qd2 Qd7 16. a4 Bh3 17. Rfd1 Bxg2 18. Kxg2 Nc6 19. f3 Nd4 20. Nd5 Nxb3 21.
Qb4 Nxc1 22. Nb6 Na2 23. Qb3 Qc6 24. Nxa8 Rxa8 25. Qxa2 b5 26. Ba3 bxc4 27.
Rxd6 Qxa4 28. Qb2 Qb5 29. Rb6 Qxb2+ 30. Bxb2 Nd7 31. Rc6 f6 32. Rxc4 a5 33. Ba3
Ra7 34. Rc6 Kf7 35. Kf2 a4 36. Ke2 Nf8 37. Bc5 Rb7 38. Ra6 Ne6 39. Ba3 Nd4+ 40.
Kf2 Rb3 41. Rxa4 Rxf3+ 42. Kg2 Re3 43. Ra7+ Kg6 0-1

[Event "4NCL Division 2c"]
[Site "Telford, ENG"]
[Date "2019.05.06"]
[Round "11.21"]
[White "Bisby, Daniel L"]
[Black "Lewis, Andrew P"]
[Result "1-0"]
[WhiteElo "2342"]
[BlackElo "2320"]
[PlyCount "49"]
[EventDate "2019.05.06"]
[WhiteTeam "Cambridge University 1"]
[BlackTeam "Anglian Avengers"]

1. e4 c5 2. Nf3 e6 3. d4 cxd4 4. Nxd4 Nc6 5. Nc3 Qc7 6. Be3 a6 7. Qf3 Nf6 8.
O-O-O Be7 9. Kb1 O-O 10. g4 Ne5 11. Qg2 Nexg4 12. Bc1 Kh8 13. Be2 Ne5 14. f4
Nc6 15. Rhg1 Ne8 16. Be3 d6 17. Qg3 Bd7 18. Nxc6 bxc6 19. Bd4 Rg8 20. Rd3 f6
21. Qh4 e5 22. f5 h6 23. Rh3 Bf8 24. Be3 d5 25. Bxh6 1-0

[Event "4NCL Division 2c"]
[Site "Telford, ENG"]
[Date "2019.05.06"]
[Round "11.22"]
[White "Moore, Graham J"]
[Black "McClement, Andrew"]
[Result "1-0"]
[WhiteElo "2241"]
[BlackElo "2241"]
[PlyCount "125"]
[EventDate "2019.05.06"]
[WhiteTeam "Anglian Avengers"]
[BlackTeam "Cambridge University 1"]

1. e4 c5 2. Nf3 d6 3. d4 cxd4 4. Nxd4 Nf6 5. Nc3 e6 6. Be3 a6 7. f3 b5 8. Qd2
Nbd7 9. g4 Nb6 10. a4 b4 11. Nd1 a5 12. Qf2 Nbd7 13. g5 Nh5 14. Bb5 Bb7 15. c3
Be7 16. cxb4 axb4 17. Nc6 Bxc6 18. Bxc6 Rb8 19. f4 O-O 20. Qe2 g6 21. O-O Nc5
22. Qc4 Qa5 23. Nf2 Rfc8 24. Bb5 Nxa4 25. Rxa4 Qxb5 26. Qxb5 Rxb5 27. Ra7 Bf8
28. Rfa1 f5 29. Rd7 b3 30. Raa7 Bg7 31. exf5 exf5 32. Nd3 Rd5 33. Ne5 Rd1+ 34.
Kg2 Rc2+ 35. Kh3 Re1 36. Rxg7+ Nxg7 37. Ra8+ Ne8 38. Rxe8+ Kg7 39. Nf3 Rf1 40.
Bd4+ Kf7 41. Re3 Rc4 42. Nd2 Rxd4 43. Nxf1 Rxf4 44. Nd2 Rf2 45. Nc4 d5 46. Ne5+
Kf8 47. Rxb3 d4 48. Kg3 Re2 49. Nf3 d3 50. Rxd3 Rxb2 51. Rd7 Kg8 52. Kf4 Re2
53. Rd4 Kg7 54. h4 Rf2 55. Rd7+ Kg8 56. Ke5 Re2+ 57. Kf6 Re8 58. Ne5 Rf8+ 59.
Rf7 Rd8 60. Rg7+ Kf8 61. Nd7+ Ke8 62. Ke6 Rxd7 63. Rg8# 1-0

[Event "4NCL Division 2c"]
[Site "Telford, ENG"]
[Date "2019.05.06"]
[Round "11.23"]
[White "Hill, Alistair"]
[Black "Walker, Martin G"]
[Result "1/2-1/2"]
[WhiteElo "2199"]
[BlackElo "2166"]
[PlyCount "103"]
[EventDate "2019.05.06"]
[WhiteTeam "Cambridge University 1"]
[BlackTeam "Anglian Avengers"]

1. c4 c5 2. Nf3 Nf6 3. Nc3 d5 4. cxd5 Nxd5 5. d4 Nxc3 6. bxc3 g6 7. e4 Bg7 8.
Be3 O-O 9. Be2 Qa5 10. O-O b6 11. Qb3 Ba6 12. Bxa6 Nxa6 13. a4 cxd4 14. cxd4
Qb4 15. Qd5 Nc7 16. Qd7 Ne6 17. Rab1 Qd6 18. Qxd6 exd6 19. a5 bxa5 20. Rb5 f5
21. e5 dxe5 22. dxe5 f4 23. Bc1 a4 24. Ra5 g5 25. h3 Rfc8 26. Rxa4 Nc5 27. Ra3
h6 28. Bb2 a5 29. Rc1 Ne4 30. Rxc8+ Rxc8 31. Rxa5 Nxf2 32. Kxf2 Rc2+ 33. Kf1
Rxb2 34. Nd4 Rb8 35. Nf5 Re8 36. Kf2 Rxe5 37. Nxh6+ Kh7 38. Rxe5 Bxe5 39. Ng4
Bd4+ 40. Kf3 Kg6 41. Ke4 Ba1 42. Nh2 Bh8 43. Nf3 Bb2 44. Nd2 Bc3 45. Nc4 Ba1
46. Nd6 Bb2 47. Kf3 Be5 48. Nc4 Kf5 49. Nxe5 Kxe5 50. Kg4 Kf6 51. h4 gxh4 52.
Kxh4 1/2-1/2

[Event "4NCL Division 2c"]
[Site "Telford, ENG"]
[Date "2019.05.06"]
[Round "11.24"]
[White "Lindner, Daniel"]
[Black "Stanisz, Patryk"]
[Result "1/2-1/2"]
[WhiteElo "2217"]
[BlackElo "2137"]
[PlyCount "44"]
[EventDate "2019.05.06"]
[WhiteTeam "Anglian Avengers"]
[BlackTeam "Cambridge University 1"]

1. c4 f5 2. g3 Nf6 3. Bg2 g6 4. Nc3 d6 5. d3 Bg7 6. e4 O-O 7. Nge2 Nc6 8. O-O
e5 9. Nd5 Ne7 10. Nxf6+ Bxf6 11. Bh6 Rf7 12. Qd2 fxe4 13. dxe4 Nc6 14. Rad1 Bg4
15. f3 Be6 16. b3 Qd7 17. Be3 Rd8 18. Nc3 Bg7 19. Rf2 a6 20. Ne2 Ne7 21. Nc3
Nc6 22. Ne2 Ne7 1/2-1/2

[Event "4NCL Division 2c"]
[Site "Telford, ENG"]
[Date "2019.05.06"]
[Round "11.25"]
[White "Siddharth, Jagadeesh"]
[Black "Talsma, Paul"]
[Result "1-0"]
[WhiteElo "2132"]
[BlackElo "2177"]
[PlyCount "59"]
[EventDate "2019.05.06"]
[WhiteTeam "Cambridge University 1"]
[BlackTeam "Anglian Avengers"]

1. d4 Nf6 2. c4 c5 3. Nf3 cxd4 4. Nxd4 e5 5. Nb5 d5 6. cxd5 Bc5 7. N5c3 e4 8.
Nxe4 Nxe4 9. Qa4+ Nd7 10. Qxe4+ Kf8 11. Nc3 Nf6 12. Qc4 Qe7 13. e3 Bf5 14. Bd3
Bg6 15. O-O Rd8 16. Bd2 b5 17. Nxb5 Rxd5 18. Nd4 Rh5 19. Be2 Rh4 20. Nf5 Rxc4
21. Nxe7 Rc2 22. Nxg6+ hxg6 23. Rfd1 Rxb2 24. Rac1 Bd6 25. Rc8+ Ne8 26. h3 Rxa2
27. Bb5 Ke7 28. Bc3 Ra3 29. Bxg7 Rg8 30. Rxe8+ 1-0

[Event "4NCL Division 2c"]
[Site "Telford, ENG"]
[Date "2019.05.06"]
[Round "11.26"]
[White "Cocks, Elliot"]
[Black "Lee, Richard W Y"]
[Result "0-1"]
[WhiteElo "2080"]
[BlackElo "2130"]
[PlyCount "58"]
[EventDate "2019.05.06"]
[WhiteTeam "Anglian Avengers"]
[BlackTeam "Cambridge University 1"]

1. Nf3 d5 2. d4 Nf6 3. c4 e6 4. g3 Be7 5. Bg2 O-O 6. O-O c6 7. Qc2 Nbd7 8. Nbd2
b6 9. e4 Bb7 10. b3 Rc8 11. Bb2 dxe4 12. Nxe4 c5 13. Nxf6+ Nxf6 14. dxc5 Be4
15. Qc1 Rxc5 16. Rd1 Qa8 17. Nh4 Bxg2 18. Nxg2 Ne4 19. h4 Rf5 20. Bd4 Bc5 21.
Bxc5 bxc5 22. Nf4 g5 23. hxg5 Nxg5 24. Qe3 Re5 25. Qc3 Nf3+ 26. Kf1 Nd2+ 27.
Kg1 Nf3+ 28. Kf1 Nd4 29. Kg1 Rh5 0-1

[Event "4NCL Division 2c"]
[Site "Telford, ENG"]
[Date "2019.05.06"]
[Round "11.27"]
[White "Starley, Robert"]
[Black "Peck, Silas"]
[Result "1/2-1/2"]
[WhiteElo "2045"]
[BlackElo "2065"]
[PlyCount "207"]
[EventDate "2019.05.06"]
[WhiteTeam "Cambridge University 1"]
[BlackTeam "Anglian Avengers"]

1. e4 e5 2. Nf3 Nc6 3. Bb5 a6 4. Ba4 Nf6 5. O-O Be7 6. Re1 b5 7. Bb3 d6 8. c3
Bg4 9. h3 Bh5 10. d3 O-O 11. Nbd2 Na5 12. Bc2 c5 13. Nf1 Nc6 14. Ng3 Bg6 15.
Nh4 Qd7 16. Ngf5 Rad8 17. Nxg6 hxg6 18. Nxe7+ Qxe7 19. Bg5 Rd7 20. Qf3 Nd8 21.
a4 b4 22. a5 Ne6 23. Bd2 d5 24. exd5 Rxd5 25. Rad1 Rfd8 26. Bc1 Qc7 27. Bb3
R5d6 28. Rxe5 Rxd3 29. Rxd3 Rxd3 30. Qe2 c4 31. Bc2 bxc3 32. Rxe6 fxe6 33. Bxd3
cxd3 34. Qxd3 Qxa5 35. bxc3 Qd5 36. Qxa6 Qd1+ 37. Qf1 Qc2 38. c4 Ne4 39. Be3
Nc3 40. Kh1 Ne4 41. Kg1 Nd6 42. c5 Nf5 43. Qc1 Qxc1+ 44. Bxc1 Kf7 45. Kf1 Ke7
46. Ke2 Kd7 47. g4 Ne7 48. Kd3 Kc6 49. Kc4 Nd5 50. Be3 e5 51. Bd2 Nf6 52. f3
Nd5 53. Bc1 Nf6 54. Ba3 Nd7 55. Bb4 Nf8 56. Be1 Ne6 57. Bg3 Nxc5 58. Bxe5 Ne6
59. h4 Kd7 60. Kd5 Ke7 61. Bd6+ Kf6 62. Ke4 Nd8 63. Bb4 Ne6 64. Bc3+ Kf7 65.
Ke5 Nc5 66. f4 Nd3+ 67. Ke4 Nc5+ 68. Kd5 Nd7 69. Be5 Nf8 70. Bd6 Ne6 71. Ke4
Nd8 72. Bc7 Ne6 73. Bb6 Nf8 74. Bd8 Ne6 75. Bg5 Nf8 76. Bd8 Ne6 77. Ba5 Nf8 78.
Bb4 Ne6 79. Ba3 Nc7 80. f5 gxf5+ 81. Kxf5 Ne6 82. h5 Nd4+ 83. Ke5 Ne6 84. Bb2
Nc5 85. Kd6 Ne4+ 86. Ke5 Nc5 87. Bc3 Ne6 88. Bd4 Nxd4 89. Kxd4 Kf6 90. Ke4 Kg5
91. Kf3 g6 92. hxg6 Kxg6 93. Kf4 Kf6 94. g5+ Kg6 95. Kg4 Kg7 96. Kf5 Kf7 97.
Kf4 Kg6 98. Kg4 Kg7 99. Kf5 Kf7 100. g6+ Kg7 101. Kg5 Kg8 102. Kh6 Kh8 103. g7+
Kg8 104. Kg6 1/2-1/2